Visions Of Gideon - Sufjan Stevens - All Lyrics - Statistics

General Stats
  • This quiz has been taken 97 times
  • The average score is 251 of 282
Answer Stats
Answer % Correct
a
95%
I
95%
Is
95%
(Is
95%
it
95%
video?
95%
video?)
95%
video?),
95%
for
93%
For
93%
Gideon,
93%
Gideon
93%
Gideon),
93%
Gideon)
93%
have
93%
last
93%
love,
93%
the
93%
time
93%
Visions
93%
visions
93%
(visions
93%
you
93%
loved
91%
of
89%
to
84%
kissed
75%
touched
70%
your
59%
up
57%
arms
52%
flew
52%
laughter,
52%
And
50%
No matching quizzes found
Score Distribution
Percent of People with Each Score
Percentile by Number Answered
Your Score History
You have not taken this quiz